000 00393nam a2200181Ia 4500
005 20240823043857.0
008 240823s9999||||xx |||||||||||||| ||und||
041 _aENGLISH
082 _A813.54 M1
100 _aJacqueline Susann
245 0 _aYargo
250 _a1st
260 _c1981
_bCorgi
500 _aTRANSFERED
650 _aGeneral
_bGeneral
942 _cBK
999 _c211249
_d211249